European Capitals - Map - Statistics

General Stats
  • This quiz has been taken 16 times
  • The average score is 38 of 45
Answers on the Map
Answers color-coded by a green-red scale on the quiz's map according to % correct below.
 
Answer Stats
Answer % Correct
Athens
100%
Dublin
100%
Helsinki
100%
Kiev
100%
Lisbon
100%
London
100%
Madrid
100%
Moscow
100%
Oslo
100%
Amsterdam
94%
Andorra la Vella
94%
Berlin
94%
Copenhagen
94%
Luxembourg
94%
Paris
94%
San Marino
94%
Stockholm
94%
Warsaw
94%
Brussels
88%
Bucharest
88%
Budapest
88%
Monaco
88%
Prague
88%
Reykjavik
88%
Bern
81%
Bratislava
81%
Chisinau
81%
Minsk
81%
Riga
81%
Rome
81%
Tallinn
81%
Vatican City
81%
Vienna
81%
Zagreb
81%
Belgrade
75%
Sarajevo
75%
Sofia
75%
Tirana
75%
Vilnius
75%
Ljubljana
69%
Vaduz
69%
Valletta
69%
Podgorica
63%
Pristina
50%
Skopje
50%
No matching quizzes found
Score Distribution
Percent of People with Each Score
Percentile by Number Answered
Your Score History
You have not taken this quiz